| 000 | 00494nam a2200169 i 4500 | ||
|---|---|---|---|
| 001 | 50531 | ||
| 003 | ES-MaACL | ||
| 005 | 20230906162210.0 | ||
| 007 | t| | ||
| 008 | 030805s1946 ag ||||1| spa d | ||
| 100 | 1 |
_aCummings, Lewis V. _942160 |
|
| 245 | 1 | 0 |
_aAlejandro el Grande / _cLewis V. Cummings ; traducida por S.C. Peralta. |
| 260 |
_aBuenos Aires : _bPeuser, _c[1946] |
||
| 300 |
_a447 p. : _bil. ; _c23 cm. |
||
| 700 | 1 |
_aPeralta, S. C. _990378 |
|
| 852 |
_aES-MaACL _jF-5216 _bR.26942 |
||
| 999 |
_c50531 _d50531 |
||